Statistics for Les succès de Weenside - #1

Click here to take the quiz!

General Stats

  • This quiz has been taken 5 times
  • The average score is 15 of 18

Answer Stats

Verification ? Date du succès Difficulté Personnel Attempts Answer % Correct
NON13 Octobre 2019Insane Demon9.040Hyperio Technia
100%
NON22 Novembre 2019Insane Demon14.095Plasma Pulse II
100%
NON15 Octobre 2019Insane Demon3.492Valhalla
100%
NON13 Octobre 2019Hard/Insane Demon2.327Ultimate Demon Mix
100%
NON2 Juillet 2019Insane Demon31.004Ultrasonic
100%
NON9 Septembre 2019Insane Demon9.042Windy Landscape
100%
NON20 Octobre 2018Insane Demon+ 50.000Supersonic
100%
NON29 Septembre 2019Insane Demon2.286Plasma Pulse
100%
NON29 Août 2018Easy/Medium Demon730Fury Funk
75%
NON31 Décembre 2019Hard Demon1.179Future Funk
75%
NON13 Octobre 2019Insane Demon+ 3.500Rupture
75%
NON25 Septembre 2019Hard/Insane Demon2.455Turbo
75%
OUI18 Juin 2019Easy Demon???Power ON
75%
NON11 Avril 2019Hard Demon3.571The Furious
75%
NON26 Janvier 2020Hard/Insane Demon1.361CraZy
75%
OUI2 Juillet 2019Medium Demon502Leapkik
50%
NON16 Mars 2019Medium/Hard Demon1.644Regret
50%
NON14 Décembre 2018Hard Demon4.255Overclock
50%

Score Distribution

Percentile by Number Answered

Percent of People with Each Score

Your Score History

You have not taken this quiz